Loading...
| Current Events | 1 | 10.00 | 100% | 0% | 0% |
| Fine Arts - Auditory Fine Arts | 2 | 15.00 | 100% | 50% | 0% |
| Fine Arts - Other Fine Arts | 4 | 10.00 | 75% | 25% | 0% |
| Fine Arts - Visual Fine Arts | 6 | 10.00 | 83% | 17% | 0% |
| History - American History | 4 | 12.50 | 100% | 25% | 0% |
| History - European History | 5 | 16.00 | 100% | 40% | 20% |
| History - Other History | 2 | 10.00 | 100% | 0% | 0% |
| History - World History | 2 | 25.00 | 100% | 100% | 50% |
| Literature - American Literature | 4 | 10.00 | 100% | 0% | 0% |
| Literature - British Literature | 3 | 16.67 | 100% | 33% | 33% |
| Literature - European Literature | 4 | 12.50 | 100% | 0% | 25% |
| Literature - World Literature | 4 | 15.00 | 75% | 50% | 25% |
| Mythology | 3 | 13.33 | 100% | 33% | 0% |
| Other Academic | 2 | 20.00 | 100% | 100% | 0% |
| Philosophy | 4 | 2.50 | 25% | 0% | 0% |
| Pop Culture | 1 | 10.00 | 100% | 0% | 0% |
| Religion | 4 | 22.50 | 100% | 75% | 50% |
| Science - Biology | 4 | 7.50 | 50% | 25% | 0% |
| Science - Chemistry | 2 | 5.00 | 50% | 0% | 0% |
| Science - Other Science | 4 | 17.50 | 100% | 75% | 0% |
| Science - Physics | 4 | 10.00 | 100% | 0% | 0% |
| Social Science | 3 | 6.67 | 67% | 0% | 0% |